000 00289nam a22001337a 4500
008 170629b xxu||||| |||| 00| 0 eng d
020 _a9780135265420
041 _aeng
080 _a82
100 _a22
101 _aGJL
245 _aFILM AND LITERATURE
_cCORRIGN.T
942 _2udc
_cBK
999 _c19499
_d19499